000 00280nam a22001337a 4500
008 170502b xxu||||| |||| 00| 0 eng d
020 _a9780735584792
041 _aeng
080 _27 ED
_a34
100 _a13
101 _aSHJ
245 _aEVIDENCE
_cBEST.A
942 _2udc
_cBK
999 _c12396
_d12396